|
|
|
|
| LEADER |
00000cas a22000004a 4500 |
| 001 |
vtls001346421 |
| 003 |
SK-MaSNL |
| 005 |
20260228155804.0 |
| 008 |
981026d194819uuxo dr n 0 0b0slo |
| 035 |
|
|
|a SNK000299667
|
| 040 |
|
|
|a SNK
|b slo
|c SNK
|e AACR2
|
| 041 |
0 |
|
|a slo
|
| 044 |
|
|
|a xo
|c SK
|
| 072 |
|
7 |
|a 050
|x Seriálové publikácie. Periodiká
|2 konspekt
|
| 080 |
|
|
|a (05)"520*1"(437.6)
|2 2011
|
| 080 |
|
|
|a 316.346.32-053.6
|2 2011
|
| 245 |
0 |
0 |
|a Smena [vydanie s jednou hviezdičkou]
|b orgán Slovenského ústredného výboru ČSM
|
| 260 |
|
|
|a Bratislava
|b SÚV SZM
|c 1948-
|
| 300 |
|
|
|a zv.
|
| 310 |
|
|
|a Denne
|b 1964-
|
| 321 |
|
|
|a 1x týždenne
|b 1948-1963
|
| 650 |
0 |
7 |
|a mládež
|2 SNKPH
|9 1575
|
| 655 |
|
7 |
|a celoštátne denníky
|2 SNKPH
|9 70758
|
| 910 |
|
|
|a snk
|
| 999 |
|
|
|c 573
|d 573
|
| 952 |
|
|
|0 0
|1 0
|4 0
|7 0
|a SNK
|b SNK
|d 2001-05-03
|i snkČSP 1471/83
|l 0
|o snkČSA 283*/36/1983/1 D1
|p 17A0299185
|r 2005-01-02 00:00:00
|t č. 1-76
|w 2026-02-21
|y PREZ
|
| 952 |
|
|
|0 0
|1 0
|4 0
|7 0
|a SNK
|b SNK
|d 2001-05-28
|l 0
|o snkČSA 283*/39/1986/1 D1
|p 17A0301642
|r 2005-01-02 00:00:00
|t č. 1-76
|w 2026-02-21
|y PREZ
|
| 952 |
|
|
|0 0
|1 0
|4 0
|7 0
|a SNK
|b SNK
|d 1999-10-14
|l 0
|o snkČSA 283*/41/1988/4
|p 17A0213427
|r 2005-01-02 00:00:00
|w 2026-02-21
|y PREZ
|
| 952 |
|
|
|0 0
|1 0
|4 0
|7 0
|a SNK
|b SNK
|d 1999-11-12
|l 0
|o snkČSA 283*/18/1965/4
|p 17A0218034
|r 2005-01-02 00:00:00
|t č. 235-312
|w 2026-02-21
|y PREZ
|
| 952 |
|
|
|0 0
|1 0
|4 0
|7 0
|a SNK
|b SNK
|d 1999-12-14
|l 0
|o snkČSA 283*/34/1981/1 D1
|p 17A0221547
|r 2005-01-02 00:00:00
|t č. 1-76
|w 2026-02-21
|y PREZ
|
| 952 |
|
|
|0 0
|1 0
|4 0
|7 0
|a SNK
|b SNK
|d 1999-11-09
|l 0
|o snkČSA 283*/32/1979/2 D1
|p 17A0217607
|r 2005-01-02 00:00:00
|t č. 78-152
|w 2026-02-21
|y PREZ
|
| 952 |
|
|
|0 0
|1 0
|4 0
|7 0
|a SNK
|b SNK
|d 2000-01-29
|l 0
|o snkČSA 283*/34/1981/2
|p 17A0225592
|r 2005-01-02 00:00:00
|t č. 77-152
|w 2026-02-21
|y PREZ
|
| 952 |
|
|
|0 0
|1 0
|3 rekatalogizácia -- + Smena na nedeľu č. 39 - 52
|4 0
|7 0
|8 0
|a SNK
|b SNK
|d 2005-10-13
|i snkČSP 386/82
|l 0
|o snkČSA 283*/34/1981/4
|p 17A0483002
|r 2026-02-21 19:30:05
|t č. 232-309
|w 2026-02-21
|y PREZ
|z + Smena na nedeľu č. 39 - 52
|
| 952 |
|
|
|0 0
|1 0
|4 0
|7 0
|a SNK
|b SNK
|d 2010-03-29
|i snkČSP 1647/80
|l 0
|o snkČSA 283*/33/1980/2 D1
|p 17A0652864
|r 2026-02-21 19:32:07
|t č. 78-152
|w 2026-02-21
|y PREZ
|
| 952 |
|
|
|0 0
|1 0
|4 0
|7 0
|a SNK
|b SNK
|d 2010-04-26
|i snkČSP 5482/90
|l 0
|o snkČSA 283*/43/1990/4 D1
|p 17A0155073
|r 2026-02-21 19:32:18
|w 2026-02-21
|y PREZ
|
| 952 |
|
|
|0 0
|1 0
|4 0
|7 0
|a SNK
|b SNK
|d 2001-03-07
|i snkČSP 636/75
|l 0
|o snkČSA 283*/28/1975/1 D1
|p 17A0267499
|r 2005-01-02 00:00:00
|t č. 1-75
|w 2026-02-21
|y PREZ
|
| 952 |
|
|
|0 0
|1 0
|4 0
|7 0
|a SNK
|b SNK
|d 2001-03-07
|i snkČSP 173/76
|l 0
|o snkČSA 283*/28/1975/4 D1
|p 17A0267467
|r 2005-01-02 00:00:00
|t č. 231-308
|w 2026-02-21
|y PREZ
|
| 952 |
|
|
|0 0
|1 0
|4 0
|7 0
|a SNK
|b SNK
|d 2001-03-07
|i snkČSP 1078/75
|l 0
|o snkČSA 283*/28/1975/2 D1
|p 17A0267500
|r 2005-01-02 00:00:00
|t č. 76-151
|w 2026-02-21
|y PREZ
|
| 952 |
|
|
|0 0
|1 0
|4 0
|7 0
|a SNK
|b SNK
|d 1997-05-20
|i snkČSP 384/78
|l 0
|o snkČSA 283*/31/1978
|p 17A0436478
|r 2005-01-02 00:00:00
|t č. 1-76
|w 2026-02-21
|y PREZ
|
| 952 |
|
|
|0 0
|1 0
|4 0
|7 0
|a SNK
|b SNK
|d 2020-02-04
|i snkČSP 15/78
|l 0
|o snkČSA 283*/31/1978/4 D1
|p 17A1347387
|r 2026-02-21 19:42:11
|t č. 232-308
|w 2026-02-21
|y PREZ
|
| 952 |
|
|
|0 0
|1 0
|4 0
|7 0
|a SNK
|b SNK
|d 2010-02-24
|i snkČSP 12/71
|l 0
|o snkČSA 283*/23/1970/4 D1
|p 17A0648081
|r 2026-02-21 19:42:55
|t č. 232-308
|w 2026-02-21
|y PREZ
|
| 952 |
|
|
|0 0
|1 0
|4 0
|7 0
|a SNK
|b SNK
|d 2010-02-24
|i snkČSP 520/68
|l 0
|o snkČSA 283*/21/1968/1 D1
|p 17A0648356
|r 2026-02-21 19:42:56
|t č. 1-89, neúplné
|w 2026-02-21
|y PREZ
|z Chýbajú č.: 7, 20, 42, 67, 90
|
| 952 |
|
|
|0 0
|1 0
|4 0
|7 0
|a SNK
|b SNK
|d 2010-04-28
|i snkČSP 1200/67
|l 0
|o snkČSA 283*/20/1967/2 D1
|p 17A0655108
|r 2026-02-21 19:43:16
|t č. 79-157, neúplné
|w 2026-02-21
|y PREZ
|z Chýba č. 132
|
| 952 |
|
|
|0 0
|1 0
|4 0
|7 0
|a SNK
|b SNK
|d 2023-05-22
|i snkČSP 2193/94
|l 0
|o snkČSA 283*/47/1994/2 D1
|p 17A1348820
|r 2026-02-21 19:48:00
|t č. 41-75
|w 2026-02-21
|y PREZ
|
| 952 |
|
|
|0 0
|1 0
|4 0
|7 0
|a SNK
|b SNK
|d 2024-09-24
|i snkČSP 75/89
|l 0
|o snkČSA 283*/41/1988/1 D1
|p 17A1317724
|r 2026-02-21 20:01:54
|t č. 1-76
|w 2026-02-21
|y PREZ
|
| 952 |
|
|
|0 0
|1 0
|4 0
|7 0
|a SNK
|b SNK
|d 2004-05-13
|i snkČSP 2725/91
|l 0
|o snkČSA 283*/43/1990/4
|p 17A0427875
|r 2005-01-02 00:00:00
|w 2026-02-21
|y PREZ
|
| 952 |
|
|
|0 0
|1 0
|4 0
|7 0
|a SNK
|b SNK
|d 2000-04-10
|l 0
|o snkČSA 283*/46/1993/2 D1
|p 17A0235033
|r 2005-01-02 00:00:00
|t č. 76-150
|w 2026-02-21
|y PREZ
|
| 952 |
|
|
|0 0
|1 0
|4 0
|7 0
|a SNK
|b SNK
|d 2001-04-03
|l 0
|o snkČSA 283*/30/1977/2 D1
|p 17A0294319
|r 2005-01-02 00:00:00
|t č. 77-152
|w 2026-02-21
|y PREZ
|
| 952 |
|
|
|0 0
|1 0
|4 0
|7 0
|a SNK
|b SNK
|d 2005-03-23
|i snkČSP 1792/78
|l 0
|o snkČSA 283*/31/1978/3
|p 17A0462333
|r 2026-02-21 20:16:21
|t č. 153-231
|w 2026-02-21
|y PREZ
|
| 952 |
|
|
|0 0
|1 0
|4 0
|7 0
|a SNK
|b SNK
|d 2000-12-08
|l 0
|o snkČSA 283*/32/1979/3
|p 17A0262238
|r 2005-01-02 00:00:00
|t č. 153-200
|w 2026-02-21
|y PREZ
|
| 952 |
|
|
|0 0
|1 0
|3 rekatalogizácia
|4 0
|7 0
|a SNK
|b SNK
|d 2007-06-08
|i snkČSP 1673/81
|l 0
|o snkČSA 283*/34/1981/3
|p 17A0553065
|r 2026-02-21 20:20:47
|t č. 153-231
|w 2026-02-21
|y PREZ
|
| 952 |
|
|
|0 0
|1 0
|3 rekatalogizácia
|4 0
|7 0
|a SNK
|b SNK
|d 2007-06-14
|i snkČSP 5634/87
|l 0
|o snkČSA 283*/40/1987/3
|p 17A0553694
|r 2026-02-21 20:20:48
|t č. 151-229
|w 2026-02-21
|y PREZ
|
| 952 |
|
|
|0 0
|1 0
|3 rekatalogizácia
|4 0
|7 0
|a SNK
|b SNK
|d 2007-03-09
|i snkČSP 1115/87
|l 0
|o snkČSA 283*/39/1986/4
|p 17A0532202
|r 2026-02-21 20:27:21
|t č. 231-308
|w 2026-02-21
|y PREZ
|
| 952 |
|
|
|0 0
|1 0
|3 + Smena na nedeľu
|4 0
|7 0
|a SNK
|b SNK
|d 2011-11-03
|i snkČSP 2726/91
|l 0
|o snkČSA 283*/43/1992/4 D1
|p 17A0747517
|r 2026-02-21 20:29:37
|t č. 230-303
|w 2026-02-21
|y PREZ
|z + Smena na nedeľu
|
| 952 |
|
|
|0 0
|1 0
|4 0
|7 0
|a SNK
|b SNK
|d 2011-11-08
|i snkČSP 725/68
|l 0
|o snkČSA 283*/21/1968/3 D1
|p 17A0747370
|r 2026-02-21 20:29:39
|t č. 180-269
|w 2026-02-21
|y PREZ
|
| 952 |
|
|
|0 0
|1 0
|3 + Smena na nedeľu č. 26-39
|4 0
|7 0
|a SNK
|b SNK
|d 2012-06-28
|i snkČSP 3147/89
|l 0
|o snkČSA 283*/41/1988/3 D1
|p 17A0888661
|r 2026-02-21 20:30:16
|t č. 153-231
|w 2026-02-21
|y PREZ
|z + Smena na nedeľu č. 26-39
|
| 952 |
|
|
|0 0
|1 0
|4 0
|7 0
|a SNK
|b SNK
|d 2012-09-19
|i snkČSP 5149/89
|l 0
|o snkČSA 283*/42/1989/2 D1
|p 17A1020472
|r 2026-02-21 20:30:48
|w 2026-02-21
|y PREZ
|
| 952 |
|
|
|0 0
|1 0
|4 0
|7 0
|a SNK
|b SNK
|d 2001-04-06
|l 0
|o snkČSA 283*/31/1978/2 D1
|p 17A0297064
|r 2005-01-02 00:00:00
|t č. 77-152
|w 2026-02-21
|y PREZ
|
| 952 |
|
|
|0 0
|1 0
|4 0
|7 0
|a SNK
|b SNK
|d 2001-03-07
|i snkČSP 1339/78
|l 0
|o snkČSA 283*/28/1975/3 D1
|p 17A0267501
|r 2005-01-02 00:00:00
|t č. 152-230
|w 2026-02-21
|y PREZ
|
| 952 |
|
|
|0 0
|1 0
|3 rekatalogizácia
|4 0
|7 0
|a SNK
|b SNK
|d 2007-04-18
|i snkČSP 770/96
|l 0
|o snkČSA 283*/48/1995/2 D1
|p 17A0546780
|r 2026-02-21 20:38:32
|t č. 77-151
|w 2026-02-21
|y PREZ
|
| 952 |
|
|
|0 0
|1 0
|4 0
|7 0
|a SNK
|b SNK
|d 2001-08-15
|l 0
|o snkČSA 283*/44/1991/4 D1
|p 17A0311067
|r 2005-01-02 00:00:00
|t č. 203-304
|w 2026-02-21
|y PREZ
|
| 952 |
|
|
|0 0
|1 0
|4 0
|7 0
|a SNK
|b SNK
|d 2001-03-26
|l 0
|o snkČSA 283*/29/1976/2 D1
|p 17A0294878
|r 2005-01-02 00:00:00
|t č. 78-154
|w 2026-02-21
|y PREZ
|
| 952 |
|
|
|0 0
|1 0
|4 0
|7 0
|a SNK
|b SNK
|d 2001-02-09
|l 0
|o snkČSA 283*/42/1989/3 D1
|p 17A0268828
|r 2005-01-02 00:00:00
|t č. 153-231
|w 2026-02-21
|y PREZ
|
| 952 |
|
|
|0 0
|1 0
|4 0
|7 0
|a SNK
|b SNK
|d 2001-01-29
|l 0
|o snkČSA 283*/44/1991/2 D1
|p 17A0267116
|r 2005-01-02 00:00:00
|t č. 77-151
|w 2026-02-21
|y PREZ
|
| 952 |
|
|
|0 0
|1 0
|4 0
|7 0
|a SNK
|b SNK
|d 2001-02-07
|l 0
|o snkČSA 283*/35/1982/3
|p 17A0172192
|r 2005-01-02 00:00:00
|t č. 154-232
|w 2026-02-21
|y PREZ
|
| 952 |
|
|
|0 0
|1 0
|4 0
|7 0
|a SNK
|b SNK
|d 2001-02-13
|l 0
|o snkČSA 283*/35/1982/4
|p 17A0268879
|r 2005-01-02 00:00:00
|t č. 233-310
|w 2026-02-21
|y PREZ
|
| 952 |
|
|
|0 0
|1 0
|4 0
|7 0
|a SNK
|b SNK
|d 2001-04-06
|l 0
|o snkČSA 283*/31/1978/3 D1
|p 17A0297061
|r 2005-01-02 00:00:00
|t č. 153-231
|w 2026-02-21
|y PREZ
|
| 952 |
|
|
|0 0
|1 0
|4 0
|7 0
|a SNK
|b SNK
|d 2001-04-03
|l 0
|o snkČSA 283*/30/1977/1 D1
|p 17A0294321
|r 2005-01-02 00:00:00
|t č. 1-76
|w 2026-02-21
|y PREZ
|
| 952 |
|
|
|0 0
|1 0
|4 0
|7 0
|a SNK
|b SNK
|d 2001-04-03
|l 0
|o snkČSA 283*/30/1977/3 D1
|p 17A0294318
|r 2005-01-02 00:00:00
|t č. 153-231
|w 2026-02-21
|y PREZ
|
| 952 |
|
|
|0 0
|1 0
|4 0
|7 0
|a SNK
|b SNK
|d 2001-04-03
|l 0
|o snkČSA 283*/30/1977/4 D1
|p 17A0294317
|r 2005-01-02 00:00:00
|t č. 232-309
|w 2026-02-21
|y PREZ
|
| 952 |
|
|
|0 0
|1 0
|4 0
|7 0
|a SNK
|b SNK
|d 2001-03-23
|l 0
|o snkČSA 283*/32/1979/3 D1
|p 17A0294911
|r 2005-01-02 00:00:00
|t č. 153-230
|w 2026-02-21
|y PREZ
|
| 952 |
|
|
|0 0
|1 0
|4 0
|7 0
|a SNK
|b SNK
|d 2001-04-27
|l 0
|o snkČSA 283*/34/1981/2 D1
|p 17A0299365
|r 2005-01-02 00:00:00
|t č. 77-152
|w 2026-02-21
|y PREZ
|
| 952 |
|
|
|0 0
|1 0
|4 0
|7 0
|a SNK
|b SNK
|d 2001-05-14
|l 0
|o snkČSA 283*/44/1991/1 D1
|p 17A0299885
|r 2005-01-02 00:00:00
|t č. 1-76
|w 2026-02-21
|y PREZ
|
| 952 |
|
|
|0 0
|1 0
|4 0
|7 0
|a SNK
|b SNK
|d 2001-04-27
|l 0
|o snkČSA 283*/34/1981/4 D1
|p 17A0299360
|r 2005-01-02 00:00:00
|t č. 232-309
|w 2026-02-21
|y PREZ
|
| 952 |
|
|
|0 0
|1 0
|4 0
|7 0
|a SNK
|b SNK
|d 2002-01-14
|i snkČSP 4510/87
|l 0
|o snkČSA 283*/40/1987/2
|p 17A0327143
|r 2005-01-02 00:00:00
|t č. 76-150
|w 2026-02-21
|y PREZ
|
| 952 |
|
|
|0 0
|1 0
|4 0
|7 0
|a SNK
|b SNK
|d 2001-07-27
|l 0
|o snkČSA 283*/33/1980/2
|p 17A0309882
|r 2005-01-02 00:00:00
|t č. 78-152
|w 2026-02-21
|y PREZ
|
| 952 |
|
|
|0 0
|1 0
|4 0
|7 0
|a SNK
|b SNK
|d 2001-05-28
|l 0
|o snkČSA 283*/39/1986/3 D1
|p 17A0301680
|r 2005-01-02 00:00:00
|t č. 152-230
|w 2026-02-21
|y PREZ
|
| 952 |
|
|
|0 0
|1 0
|4 0
|7 0
|a SNK
|b SNK
|d 2001-05-28
|l 0
|o snkČSA 283*/39/1986/4 D1
|p 17A0301551
|r 2005-01-02 00:00:00
|t č. 231-308
|w 2026-02-21
|y PREZ
|
| 952 |
|
|
|0 0
|1 0
|4 0
|7 0
|a SNK
|b SNK
|d 2004-02-06
|i snkČSP 22/80
|l 0
|o snkČSA 283*/33/1980/1
|p 17A0259486
|r 2005-01-02 00:00:00
|w 2026-02-21
|y PREZ
|
| 952 |
|
|
|0 0
|1 0
|4 0
|7 0
|a SNK
|b SNK
|d 2000-04-04
|l 0
|o snkČSA 283*/46/1993/1 D1
|p 17A0233938
|r 2005-01-02 00:00:00
|t č. 1-75
|w 2026-02-21
|y PREZ
|
| 952 |
|
|
|0 0
|1 0
|4 0
|7 0
|a SNK
|b SNK
|d 2002-03-07
|l 0
|o snkČSA 283*/48/1995/3
|p 17A0335697
|r 2005-01-02 00:00:00
|w 2026-02-21
|y PREZ
|
| 952 |
|
|
|0 0
|1 0
|4 0
|7 0
|a SNK
|b SNK
|d 2000-04-10
|l 0
|o snkČSA 283*/46/1993/3 D1
|p 17A0235057
|r 2005-01-02 00:00:00
|t č. 151-228
|w 2026-02-21
|y PREZ
|
| 952 |
|
|
|0 0
|1 0
|3 + Smena na nedeľu č. 40 - 52
|4 0
|7 0
|a SNK
|b SNK
|d 2005-06-14
|i snkČSP 152/86
|l 0
|o snkČSA 283*/38/1985/4
|p 17A0473207
|r 2026-02-21 21:10:51
|t č. 231-307
|w 2026-02-21
|y PREZ
|z + Smena na nedeľu č. 40 - 52
|
| 952 |
|
|
|0 0
|1 0
|3 rekatalogizácia
|4 0
|7 0
|a SNK
|b SNK
|d 2008-12-05
|i snkČSP 442/81
|l 0
|o snkČSA 283*/33/1980/3 D1
|p 17A0606486
|r 2026-02-21 21:12:34
|t č. 153-231
|w 2026-02-21
|y PREZ
|z č. 153 - 231*, 3. štvrťrok - úpl. + Smena na nedeľu č. 27 - 39
|
| 952 |
|
|
|0 0
|1 0
|4 0
|7 0
|a SNK
|b SNK
|d 2009-10-22
|i snkČSP 21/74
|l 0
|o snkČSA 283*/26/1973/4 D1
|p 17A0629579
|r 2026-02-21 21:13:01
|t č. 233-310
|w 2026-02-21
|y PREZ
|
| 952 |
|
|
|0 0
|1 0
|4 0
|7 0
|a SNK
|b SNK
|d 2001-03-26
|l 0
|o snkČSA 283*/29/1976/3 D1
|p 17A0294876
|r 2005-01-02 00:00:00
|t č. 155-233
|w 2026-02-21
|y PREZ
|
| 952 |
|
|
|0 0
|1 0
|4 0
|7 0
|a SNK
|b SNK
|d 2001-04-27
|l 0
|o snkČSA 283*/34/1981/3 D1
|p 17A0299361
|r 2005-01-02 00:00:00
|t č. 153-231
|w 2026-02-21
|y PREZ
|
| 952 |
|
|
|0 0
|1 0
|4 0
|7 0
|a SNK
|b SNK
|d 2001-06-15
|l 0
|o snkČSA 283*/42/1989/4
|p 17A0304319
|r 2005-01-02 00:00:00
|w 2026-02-21
|y PREZ
|
| 952 |
|
|
|0 0
|1 0
|4 0
|7 0
|a SNK
|b SNK
|d 2001-08-23
|l 0
|o snkČSA 283*/42/1989/4 D1
|p 17A0311600
|r 2005-01-02 00:00:00
|w 2026-02-21
|y PREZ
|
| 952 |
|
|
|0 0
|1 0
|4 0
|7 0
|a SNK
|b SNK
|d 2001-05-14
|l 0
|o snkČSA 283*/38/1985/1 D1
|p 17A0299943
|r 2005-01-02 00:00:00
|t č. 1-76
|w 2026-02-21
|y PREZ
|
| 952 |
|
|
|0 0
|1 0
|4 0
|7 0
|a SNK
|b SNK
|d 2001-05-14
|l 0
|o snkČSA 283*/38/1985/4 D1
|p 17A0299938
|r 2005-01-02 00:00:00
|t č. 231-307
|w 2026-02-21
|y PREZ
|
| 952 |
|
|
|0 0
|1 0
|4 0
|7 0
|a SNK
|b SNK
|d 1998-10-31
|l 0
|o snkČSA 283*/35/1982/2
|p 17A0162790
|r 2005-01-02 00:00:00
|t č. 13-25
|w 2026-02-21
|y PREZ
|
| 952 |
|
|
|0 0
|1 0
|4 0
|7 0
|a SNK
|b SNK
|d 2001-05-28
|l 0
|o snkČSA 283*/39/1986/2 D1
|p 17A0301673
|r 2005-01-02 00:00:00
|t č. 77-151
|w 2026-02-21
|y PREZ
|
| 952 |
|
|
|0 0
|1 0
|4 0
|7 0
|a SNK
|b SNK
|d 1999-03-08
|l 0
|o snkČSA 283*/39/1986/3
|p 17A0184323
|r 2005-01-02 00:00:00
|t č. 152-230
|w 2026-02-21
|y PREZ
|
| 952 |
|
|
|0 0
|1 0
|4 0
|7 0
|a SNK
|b SNK
|d 2000-12-08
|i snkČSP 147/80
|l 0
|o snkČSA 283*/32/1979/4
|p 17A0262050
|r 2005-01-02 00:00:00
|t č. 231-308
|w 2026-02-21
|y PREZ
|
| 952 |
|
|
|0 0
|1 0
|4 0
|7 0
|a SNK
|b SNK
|d 2004-03-10
|i snkČSP 1524/80
|l 0
|o snkČSA 283*/33/1980/3
|p 17A0417231
|r 2005-01-02 00:00:00
|w 2026-02-21
|y PREZ
|
| 952 |
|
|
|0 0
|1 0
|3 + Smena na nedeľu č. 13 - 25
|4 0
|7 0
|a SNK
|b SNK
|d 2009-02-04
|i snkČSP 76/89
|l 0
|o snkČSA 283*/41/1988/2 D1
|p 17A0611036
|r 2026-02-21 21:30:11
|t č. 77-152
|w 2026-02-21
|y PREZ
|z + Smena na nedeľu č. 13 - 25
|
| 952 |
|
|
|0 0
|1 0
|4 0
|7 0
|a SNK
|b SNK
|d 2001-06-15
|l 0
|o snkČSA 283*/42/1989/1
|p 17A0304373
|r 2005-01-02 00:00:00
|t č. 1-76
|w 2026-02-21
|y PREZ
|
| 952 |
|
|
|0 0
|1 0
|4 0
|7 0
|a SNK
|b SNK
|d 2001-06-15
|l 0
|o snkČSA 283*/42/1989/2
|p 17A0304723
|r 2005-01-02 00:00:00
|t č. 77-152
|w 2026-02-21
|y PREZ
|
| 952 |
|
|
|0 0
|1 0
|4 0
|7 0
|a SNK
|b SNK
|d 2005-09-30
|i snkČSP 300/65
|l 0
|o snkČSA 283*/18/1965/2
|p 17A0486290
|r 2026-02-21 21:40:11
|t č. 78-155, neúplné
|w 2026-02-21
|y PREZ
|
| 952 |
|
|
|0 0
|1 0
|4 0
|7 0
|a SNK
|b SNK
|d 2018-11-09
|i snkČSP 772/96
|l 0
|o snkČSA 283*/48/1995/3 D1
|p 17A1154128
|r 2026-02-21 21:57:48
|t č. 152-202
|w 2026-02-21
|y PREZ
|
| 952 |
|
|
|0 0
|1 0
|4 0
|7 0
|a SNK
|b SNK
|d 2018-11-09
|i snkČSP 3148/89
|l 0
|o snkČSA 283*/41/1988/4 D1
|p 17A1154127
|r 2026-02-21 21:57:51
|t č. 232-308
|w 2026-02-21
|y PREZ
|